000 00511nam a22001937a 4500
003 CEME
005 20210628202452.0
008 210112b xxu||||| |||| 00| 0 eng d
020 _a9788126520510
040 _cceme
082 _a005.43 SIL
100 _aSilberschatz, Abraham, Galvin, Peter B, Gagne, Greg
_960032
245 _aOperating system concepts
250 _a8TH
260 _aNOIDA
_bWILEY INDIA
_c2010
300 _aXX, 972P
650 _aOPERATING SYSTEM CONCEPTS.
_960033
942 _cBK
_2ddc
999 _c569873
_d569873